Clinical Psychiatry for Medical Students (Record no. 1265)

MARC details
000 -LEADER
fixed length control field 00818cam a2200277 a 4500
001 - CONTROL NUMBER
control field 1980154
003 - CONTROL NUMBER IDENTIFIER
control field OSt
005 - DATE AND TIME OF LATEST TRANSACTION
control field 20231011115215.0
008 - FIXED-LENGTH DATA ELEMENTS--GENERAL INFORMATION
fixed length control field 891113s1990 paua b 001 0 eng c
010 ## - LIBRARY OF CONGRESS CONTROL NUMBER
LC control number 89013619
020 ## - INTERNATIONAL STANDARD BOOK NUMBER
International Standard Book Number 0397509723
040 ## - CATALOGING SOURCE
Original cataloging agency DNLM/DLC
Transcribing agency DLC
Modifying agency DLC
050 10 - LIBRARY OF CONGRESS CALL NUMBER
Classification number RC454
Item number .C539 1990
060 ## - NATIONAL LIBRARY OF MEDICINE CALL NUMBER
Classification number WM 100 C641
082 00 - DEWEY DECIMAL CLASSIFICATION NUMBER
Classification number WM 100 C64l1990
Edition number 20
100 ## - MAIN ENTRY--PERSONAL NAME
Relator code Edited by Alan, Stoudemire
245 00 - TITLE STATEMENT
Title Clinical Psychiatry for Medical Students
260 ## - PUBLICATION, DISTRIBUTION, ETC. (IMPRINT)
Place of publication, distribution, etc. Philadelphia;
Name of publisher, distributor, etc. Lippincott,
Date of publication, distribution, etc. c1990.
300 ## - PHYSICAL DESCRIPTION
Extent xxv, 675 p. :
Other physical details ill. ;
Dimensions 24 cm.
504 ## - BIBLIOGRAPHY, ETC. NOTE
Bibliography, etc Filmography: p. 638-659.
504 ## - BIBLIOGRAPHY, ETC. NOTE
Bibliography, etc Includes bibliographical references and index.
650 #0 - SUBJECT ADDED ENTRY--TOPICAL TERM
Topical term or geographic name as entry element Psychiatry.
9 (RLIN) 351
650 #2 - SUBJECT ADDED ENTRY--TOPICAL TERM
Topical term or geographic name as entry element Mental Disorders.
9 (RLIN) 3221
906 ## - LOCAL DATA ELEMENT F, LDF (RLIN)
a 7
b cbc
c orignew
d 1
e ocip
f 19
g y-gencatlg
942 ## - ADDED ENTRY ELEMENTS (KOHA)
Source of classification or shelving scheme Other/Generic Classification Scheme
Koha item type Short Loan
Holdings
Withdrawn status Lost status Source of classification or shelving scheme Damaged status Not for loan Home library Current library Date acquired Source of acquisition Inventory number Total Checkouts Full call number Barcode Date last seen Price effective from Koha item type
    Other/Generic Classification Scheme     MUST Main Library MUST Main Library 26/03/2015   10005   WM 100 C64l1990 2015-0661 26/03/2015 26/03/2015 Short Loan